The Oceanic Languages. Their grammatical structure, vocabulary, and origin

Պահպանված է:
Մատենագիտական մանրամասներ
Հիմնական հեղինակ: MacDonald, Donald (autor)
Ձևաչափ: Գիրք
Լեզու:անգլերեն
Հրապարակվել է: Londres Henry Frowde 1907
Հրատարակություն:1a. ed
Խորագրեր:
Ցուցիչներ: Ավելացրեք ցուցիչ
Չկան պիտակներ, Եղեք առաջինը, ով նշում է այս գրառումը!

MARC

LEADER 00000nam a2200000 a 4500
001 UCJ7234
003 CL-VaPUC
008 070124e19070000UK |||||||||||||||||eng|d
082 0 4 |a 499  |b MAC  |2 21 
100 |a MacDonald, Donald  |e autor  |9 515419 
245 1 4 |a The Oceanic Languages. Their grammatical structure, vocabulary, and origin 
250 |a 1a. ed 
300 |a xv, 352 p 
942 |c BK 
945 |d 20070124 00:00:00  |a rinostro 
260 |a Londres  |b Henry Frowde  |c 1907 
500 |a Dos mapas 
650 7 |a LENGUAS POLINESICAS  |2 CL-VaPUC  |9 504129 
650 7 |a LENGUAS ABORIGENES  |2 CL-VaPUC  |9 445955 
650 0 |a Lexicografía  |9 321487 
650 0 |a Vocabulario polinésico   |9 515420 
650 0 |a Mapas  |9 260844 
651 0 |a Rapa Nui (Isla de Pascua)  |9 496097 
651 7 |a POLINESIA  |2 CL-VaPUC  |9 515421 
651 0 |a Filipinas  |9 258491 
583 |a last modification  |c 20070124 00:00:00  |k Rodrigo Vera 
999 |c 323330  |d 323328 
952 |0 0  |1 0  |4 0  |6 499_000000000000000_MAC_1907  |7 0  |8 X  |9 402836  |a FDOBUD  |b FDOBUD  |d 2019-11-22  |i 1060279  |o 499 MAC 1907  |p 1060279  |r 2019-11-22  |w 2019-11-22  |y BK_X  |k BUD